000 00214 a2200097 4500
001 1389
100 _aTimoshuko, S.P
245 _aStrength of materials history of
260 _a
_bMcgrawhill
_c
090 _c937
_d937
942 _aNUST-CAE
_cM
_c36233
999 _c236462
_d236462